| 000 | 00999nam a2200265 a 4500 | ||
|---|---|---|---|
| 001 | 44884 | ||
| 003 | BD-RjUL | ||
| 005 | 20211209053930.0 | ||
| 008 | 160720m19721965i a|||| |||| 00| 0 ben d | ||
| 020 | _a: IRs 16.00 (v-1) | ||
| 035 | _a(BD-RjUL)45002 | ||
| 040 |
_aBD-RjUL _bben _cBD-RjUL |
||
| 041 | _aben | ||
| 082 |
_223 _a891.44092 _bROS 1972 |
||
| 100 | 1 |
_a রায়, গোপাল চন্দ্র _9137534 |
|
| 245 | 1 | 0 |
_aশরৎচন্দ্র / _cগোপাল চন্দ্র রায় |
| 260 |
_aকলিকাতা : _bসাহিত্য সদন, _c১৯৬৫-১৯৭২ |
||
| 300 |
_a খণ্ড. : _bচিত্র ; _c২০ সেমি. |
||
| 505 | 0 | _aখণ্ড ১ -- -খণ্ড. -- খন্ড. ৩ -- | |
| 600 |
_aশরৎচন্দ্র _9186520 |
||
| 600 |
_aShorotchandra _9191660 |
||
| 650 |
_aবাংলা লেখক _xজীবনী _9137537 |
||
| 650 |
_aBengali Writer _xBiography _9137538 |
||
| 942 |
_2ddc _cBK |
||
| 999 |
_c44884 _d44884 |
||